[Event "Hoersching op 1st"]
[Site "Hoersching"]
[Date "2013.03.22"]
[Round "1"]
[White "Zwettler, Gerald Adam"]
[Black "Pleimer, Anton"]
[Result "1-0"]
[WhiteElo "1563"]
[BlackElo "1961"]
[PlyCount "75"]
[EventDate "2013.03.22"]
[EventType "swiss"]
[EventRounds "7"]
[EventCountry "AUT"]
[SourceTitle "CBM 153 Extra"]
[Source "ChessBase"]
[SourceDate "2013.04.22"]
[SourceVersion "1"]
[SourceVersionDate "2013.04.22"]
[SourceQuality "1"]

1. c4 Nf6 2. Nc3 e6 3. d4 d5 4. c5 Nc6 5. Nf3 Bd7 6. a3 a5 7. Bf4 Ne7 8. e3 Ng6 9. Bg3 Nh5 10. Be2 Nxg3 11. hxg3 a4 12. Bd3 f5 13. Nh4 Nxh4 14. Rxh4 Be7 15. Rh2 Bc6 16. g4 Qd7 17. gxf5 exf5 18. Qf3 g6 19. Qe2 b6 20. cxb6 cxb6 21. g4 Qd6 22. f4 fxg4 23. Qxg4 Bd7 24. Bxg6+ Kd8 25. Bf5 Kc7 26. Bxd7 Qxd7 27. Qxd7+ Kxd7 28. Nxd5 Bd8 29. Rh6 Rb8 30. Rc1 b5 31. Rcc6 Ba5+ 32. Nb4 Bxb4+ 33. axb4 Rbe8 34. Ke2 Re7 35. Rc5 Rhe8 36. Rh3 Rb8 37. Rhh5 Rg7 38. Rxb5 1-0

[Event "Finkenstein op"]
[Site "Finkenstein"]
[Date "1994.??.??"]
[Round "?"]
[White "Bodner, Alfred"]
[Black "Pleimer, Anton"]
[Result "1-0"]
[WhiteElo "2085"]
[BlackElo "1670"]
[PlyCount "117"]
[EventDate "1994.??.??"]
[EventType "swiss"]
[EventRounds "9"]
[EventCountry "AUT"]
[SourceTitle "EXT 1997"]
[Source "ChessBase"]
[SourceDate "1996.11.15"]
[SourceVersion "1"]
[SourceVersionDate "1996.11.15"]
[SourceQuality "1"]

1. Nf3 d5 2. d4 Nf6 3. c4 e6 4. Nc3 dxc4 5. Qa4+ Nbd7 6. e4 c6 7. Qxc4 Nb6 8. Qd3 Be7 9. Be2 0-0 10. 0-0 Qc7 11. Bg5 Nh5 12. e5 g6 13. Bh6 Rd8 14. Rfd1 Nd5 15. Ne4 Nhf4 16. Bxf4 Nxf4 17. Qe3 Nxe2+ 18. Qxe2 Rf8 19. Nf6+ Bxf6 20. exf6 Qf4 21. Qe5 Qxe5 22. dxe5 b6 23. Rd6 c5 24. Rad1 Bb7 25. Ng5 Bd5 26. a3 Rad8 27. Rxd8 Rxd8 28. Ne4 Rd7 29. f3 Kf8 30. Nd6 Rxd6 31. exd6 Ke8 32. Kf2 Kd7 33. Ke3 Kxd6 34. Kf4 h6 35. h4 e5+ 36. Ke3 Ke6 37. g4 Bb3 38. Rd8 Kxf6 39. Ra8 b5 40. Rxa7 Ke6 41. Rb7 Ba4 42. b3 Bxb3 43. Rxb5 c4 44. Rb4 Kd5 45. Rb7 f5 46. h5 f4+ 47. Kd2 g5 48. Rb5+ Kd4 49. Rb6 c3+ 50. Kc1 e4 51. fxe4 f3 52. Rxh6 f2 53. Rf6 Ke3 54. h6 Bg8 55. e5 Ke2 56. e6 Bxe6 57. Rxe6+ Kf3 58. Rf6+ Kg2 59. h7 1-0